000 nam a22 7a 4500
999 _c127714
_d127714
008 180320b xxu||||| |||| 00| 0 eng d
050 _aBX2179.L8
_bG719
100 _aGouvernaire, Jean
_940787
245 _aQuand dieu entre a l'improviste
_bl'eenigme ignatienne de la consolation sans cause
_cJean Gouvernaire
260 _aParis
_bDesclee de Brouwer
_c1980
300 _a166p. ;
_c20cm.
440 _aCollection Christus
_n50
_940788
650 _aDiscernment of spirits
_97788
942 _2lcc
_cMONOGRAPH